| 000 | 00797nam a2200229Ia 4500 | ||
|---|---|---|---|
| 003 | GCL | ||
| 008 | 140319s9999 xx 000 0 ara d | ||
| 040 |
_aGCL / _cGCL |
||
| 082 | 0 | 4 |
_a415.1 _bع د |
| 100 | 1 | _aعبده الراجحى | |
| 245 | 1 | 0 |
_aدروس فى شروح الالفية / _cعبده الراجحى |
| 250 | _aالاولى | ||
| 260 |
_aبيروت : _bدار النهضة العربية للطباعة والنشر ، _c1988 |
||
| 300 |
_a297ص ؛ _c24سم |
||
| 650 | 0 | 4 | _aالنحو العربى |
| 650 | 0 | 4 | _aالمدارس النحوية |
| 650 | 0 | 4 | _aاللغة العربية - النحو |
| 650 | 0 | 4 | _aالنحو - تاريخ ونقد |
| 650 | 0 | 4 | _aالالفاظ - الاعراب |
| 650 | 0 | 4 | _aالنحو - المضاف و المضاف اليه |
| 942 |
_2ddc _cBK |
||
| 999 |
_c8852 _d8852 |
||